¡Concilios ecuménicos católicos! - Estadísticas

Estadísticas generales
  • Esta prueba ha sido intentada 18 veces
  • La puntuación promedio es 7 de 21
Estadísticas de respuestas
Año Concilio % Correcto
1962 Vaticano II
92%
1869-1870 Vaticano I
85%
325 Nicea
77%
1545-1563 Trento
69%
381 Constantinopla
54%
431 Éfeso
46%
553 Constantinopla II
38%
680-681 Constantinopla III
38%
1439-1445 Florencia
31%
787 Nicea II
31%
451 Calcedonia
23%
879-680 Constantinopla IIII
23%
1123 Letrán
23%
1245 Lyon I
15%
1274 Lyon II
15%
1139 Letrán II
8%
1179 Letrán III
8%
1215 Letrán IIII
8%
1612-1517 Letrán V
8%
1414-1418 Constanza
0%
1311-1312 Viena
0%
No se encontraron pruebas coincidentes
Distribución de puntuación
Porcentaje de gente con cada puntuación
Porcentaje por número respondido
Historial de tus puntuaciones
No has intentado esta prueba.